000
00327nam a2200133Ia 4500
008
240624s9999 xx 000 0 und d
041
_a
eng
082
_a
658.4012 GOO
100
_a
GOOLD MICHAEL
245
_a
CORPORATE LEVEL STRATEGY CREATING VALUE
260
_c
1994
_a
New York
_b
Wiley
300
_a
464 : p.
365
_c
_b
30
999
_c
19329
_d
19329